Uniform Standards of Professional Appraisal Practice. 2000 edition. (Record no. 100153)

MARC details
000 -LEADER
fixed length control field 00784cam a2200229 4500
001 - CONTROL NUMBER
control field J103746
008 - FIXED-LENGTH DATA ELEMENTS--GENERAL INFORMATION
fixed length control field 000000n2000 000 0 eng u
035 ## - SYSTEM CONTROL NUMBER
System control number (Sirsi) u103746
050 ## - LIBRARY OF CONGRESS CALL NUMBER
Classification number 333.3320973
110 ## - MAIN ENTRY--CORPORATE NAME
Corporate name or jurisdiction name as entry element Appraisal Standards Board
9 (RLIN) 3532
245 ## - TITLE STATEMENT
Title Uniform Standards of Professional Appraisal Practice. 2000 edition.
260 ## - PUBLICATION, DISTRIBUTION, ETC.
Place of publication, distribution, etc. Washington, D.C.
Name of publisher, distributor, etc. Appraisal Foundation
Date of publication, distribution, etc. 2000
300 ## - PHYSICAL DESCRIPTION
Extent ii,192p. ; 28cm.
350 ## - PRICE (NR) (BK AM CF MU VM SE) [OBSOLETE]
Price 17.50
520 ## - SUMMARY, ETC.
Summary, etc. Cover title: USPAP 2000. Includes glossary of American words and phrases used in the standards.
650 ## - SUBJECT ADDED ENTRY--TOPICAL TERM
Topical term or geographic name entry element USPAP
650 ## - SUBJECT ADDED ENTRY--TOPICAL TERM
Topical term or geographic name entry element UNIFORM STANDARDS OF PROFESSIONAL APPRAISAL PRACTICE
650 ## - SUBJECT ADDED ENTRY--TOPICAL TERM
Topical term or geographic name entry element UNITED STATES
650 ## - SUBJECT ADDED ENTRY--TOPICAL TERM
Topical term or geographic name entry element VALUATION STANDARDS
690 ## - LOCAL SUBJECT ADDED ENTRY--TOPICAL TERM (OCLC, RLIN)
Topical term or geographic name as entry element PROPERTY-PROPERTY APPRAISAL AND VALUATION
942 ## - ADDED ENTRY ELEMENTS (KOHA)
Suppress in OPAC 0
Holdings
Withdrawn status Lost status Source of classification or shelving scheme Damaged status Not for loan Home library Current library Shelving location Date acquired Cost, normal purchase price Total Checkouts Full call number Barcode Date last seen Date last checked out Copy number Cost, replacement price Price effective from Koha item type
    Dewey Decimal Classification     London London Folio 22/02/2000 17.50 4 F333.3320973 APP 30060543 06/08/2019 14/12/2000 1 17.50 06/08/2019 Book
    Dewey Decimal Classification     London London Folio 04/10/2000   6 F333.3320973 APP 30062146 06/08/2019 30/01/2006 2   06/08/2019 Book